000
00169nam a22000857a 4500
082
_a
823
100
_a
PEARL DAHL
245
_a
CHARLIE AND THE CHOCOLATE FACTORY
942
_c
BK
999
_c
8291
_d
8291